Účtové osnovy pro podnikatele a nepodnikatelské subjekty.

Účtovná osnova ako rámec pre klasifikáciu prvkov účtovníctva. Všeobecné zásady konštrukcie účtovných osnov. Základná charakteristika a členenie účtovných osnov pre podnikateľa, pre rozpočtové a príspevkové organizácie, pre obce. Vedenie účtovníctva politickými stranami, hnutiami a občianskymi združe...

Descrizione completa

Salvato in:
Dettagli Bibliografici
Autore principale: Havel, F.
Altri autori: Lehkoživ, J.
Natura: Capitolo di libro
Lingua:ceco
Soggetti:
Tags: Aggiungi Tag
Nessun Tag, puoi essere il primo ad aggiungerne!!

MARC

LEADER 00000naa a2200000 4500
001 r010092
005 20220831085448.6
041 0 |a cze 
044 |a [CS] 
245 1 0 |a Účtové osnovy pro podnikatele a nepodnikatelské subjekty.  |c F. Havel, J. Lehkoživ 
520 |a Účtovná osnova ako rámec pre klasifikáciu prvkov účtovníctva. Všeobecné zásady konštrukcie účtovných osnov. Základná charakteristika a členenie účtovných osnov pre podnikateľa, pre rozpočtové a príspevkové organizácie, pre obce. Vedenie účtovníctva politickými stranami, hnutiami a občianskymi združeniami a ostatnými nezárobkovými organizáciami. 
610 2 0 |a osnova účtová 
610 2 0 |a podnikatelia 
610 2 0 |a organizácie príspevkové 
610 2 0 |a organizácie rozpočtové 
610 2 0 |a obce 
610 2 0 |a strany politické 
610 2 0 |a účtovníctvo 
100 1 |a Havel, F. 
700 1 |a Lehkoživ, J.